000 00558nmm a2200193Ia 4500
008 251105s9999||||xx |||||||||||||||||und||
020 _a9788467505825
041 _aspa
100 _aGómez Cerdá, Alfredo
245 0 _aTimo rompebombillas
264 _a[Madrid, España] :
_bGrupo SM,
_c1986
300 _a120 páginas
490 _aEl Barco de Vapor Naranja
650 _aAges 6-8 Years Old
700 _aGómez Cerdá, Alfredo
700 1 _a Gabán Bravo, Jesús (il.)
856 _uhttps://public.digitaliapublishing.com/a/86143
942 _cCF
999 _c66204
_d66204